Л. Н. Толстой. В поисках истины (по дневникам писателя)

التفاصيل البيبلوغرافية
مؤلفون آخرون: Ломунова А. К. (составитель)
الملخص:Предлагаемые тексты Л.Н. Толстого выбраны из дневников писателя, которые он вел с перерывами с 1847 по 1910 г. Они собраны по признаку присутствия в них ключевого понятия «молитва». В сборнике представлено более 500 записей. Для широкого круга читателей.
اللغة:الروسية
منشور في: Москва, Флинта, 2008
الموضوعات:
التنسيق: كتاب
KOHA link:https://koha.lib.tpu.ru/cgi-bin/koha/opac-detail.pl?biblionumber=139554

MARC

LEADER 00000nam0a2200000 4500
001 139554
005 20231031141801.0
010 |a 9785976502772 
010 |a 978-5-02-034830-1 
035 |a (RuTPU)RU\TPU\book\151182 
090 |a 139554 
100 |a 20080609d2008 m y0rusy50 ca 
101 0 |a rus 
102 |a RU 
105 |a y z 000zy 
200 1 |a Л. Н. Толстой. В поисках истины (по дневникам писателя)  |f сост. А. К. Ломунова 
210 |a Москва  |c Флинта  |c Наука  |d 2008 
215 |a 178 с. 
330 |a Предлагаемые тексты Л.Н. Толстого выбраны из дневников писателя, которые он вел с перерывами с 1847 по 1910 г. Они собраны по признаку присутствия в них ключевого понятия «молитва». В сборнике представлено более 500 записей. Для широкого круга читателей. 
610 1 |a русская литература 
610 1 |a проза 
610 1 |a дневники 
610 1 |a мемуары 
675 |a Р1  |v 3 
702 1 |a Ломунова  |b А. К.  |4 220 
801 1 |a RU  |b 63413507  |c 20080609  |g PSBO 
801 2 |a RU  |b 63413507  |c 20120111  |g PSBO 
942 |c BK 
959 |a 65/20080529  |d 1  |e 0  |f ХФ:1